000 00385cam a2200145ua 4500
041 _aeng
_h
082 _a826
_bWIL/JO
100 _aWilliams, Harold .
245 0 0 _aJonathan Swift: Journal to stella, Vol.II /
_cHarold Williams.
_hTextual Documents
260 _aLondon :
_bOxford University Press ,
_c1963.
300 _a801 ; .
504 _a
942 _cBK
999 _c7739
_d7739